| 000 | 00930 a2200229 4500 | ||
|---|---|---|---|
| 003 | Nust | ||
| 005 | 20220804102616.0 | ||
| 010 | _a 2004043570 | ||
| 020 | _a0849319005 (alk. paper) | ||
| 040 | _cNust | ||
| 082 | 0 | 0 | _a621.367,JAH |
| 100 | 1 |
_aJahne, Bernd, _983302 |
|
| 245 | 1 | 0 |
_aPractical handbook on image processing for scientific and technical applications / _cBernd Jahne. |
| 250 | _a2nd ed. | ||
| 260 |
_aBoca Raton [Fla.] : _bCRC Press, _cc2004. |
||
| 300 |
_axiii, 610 p. : _bill. (some col.) ; _c27 cm. |
||
| 505 | _aIntroduction (Page-1), Handling and Enhancing Images (Page-241), From Images to Features (Page-315), From Features to Objects (Page-475). | ||
| 650 | 0 | _aTelecommunication Engineering. | |
| 856 | 4 | 2 |
_3Book review (E-STREAMS) _uhttp://www.e-streams.com/es0712/es0712_3791.html |
| 856 | 4 | 2 |
_3Publisher description _uhttp://www.loc.gov/catdir/enhancements/fy0646/2004043570-d.html |
| 942 |
_cREF _2ddc |
||
| 999 |
_c175638 _d175638 |
||